01547nam a22003737a 4500003000500000005001700005008004100022010001000063011001000073035001000083040000900093090001000102100004800112245012200160260004000282300001000322502011600332590003700448590004100485590004100526590004100567590004100608590004200649650002300691650003900714650002800753901000700781942000900788949004300797949005500840999001700895952013300912952012801045CHAP20220329140926.0971013s1996 r 00010 d a59904 a60876 a65039 cCHAP aTesis00aRobles Menéndez, Víctor César.998102 aEstimación de una función de producción de madera aserrada en el aserradero floresta de Huaxyacac, Oaxaca, Oax. aChapingo, Méx. :bEl autor,c1996 a55 h. aTesis (Ing. Forestal con orientación en Economía y Ordenación) -- UACH. División de Ciencias Forestales aALEPHb10c20130110lUCH01h1338 aBATCH-UPDb10c20130110lUCH01h0219 aBATCH-UPDb10c20130110lUCH01h0830 aBATCH-UPDb10c20130409lUCH01h2239 aBATCH-UPDb10c20130914lUCH01h2136 aCONVERSIONb10c20130109lUCH01h133214aAserraderos.9789214aIndustria madereraxOaxaca.95788914aMadera aserrada.969637 aBK cFOLL bBCcTESd-143855eTS1h28922i65039si bBCcTESd33724000079620eTS2fc.2h28923i65039si c59904d59904 00102local4053708TESISaBCbBCcPA_TESISd2019-12-31fTESISl0p33724000079620r2019-12-31 00:00:00tc.2w2019-12-31yTESIS 00102local4051708TESISaBCbBCcPA_TESISd2019-12-31fTESISl0oTesisp-143855r2019-12-31 00:00:00w2019-12-31yTESIS